|
|
|
|
| LEADER |
00000nta a2200000 i 4500 |
| 001 |
publ2589 |
| 005 |
20260126094315.0 |
| 008 |
260121s2025 hu om 000 zxx d |
| 024 |
|
|
|a 10.70616/BGE.2025.002
|2 doi
|
| 040 |
|
|
|a BGE Publikációtár Repozitórium
|b hun
|
| 100 |
1 |
|
|a Knúlné Pál Eszter
|
| 245 |
1 |
0 |
|a What Makes Entrepreneurs of the Future Entrepreneurial?
|b Comparison of Finnish and Hungarian Entrepreneurship-Related Master’s Degree Programmes Skill Contents
|c Knúlné Pál Eszter
|h [elektronikus dokumentum]
|
| 260 |
|
|
|c 2025-04-14
|
| 300 |
|
|
|a 217
|
| 650 |
|
4 |
|a gazdálkodás- és szervezéstudományok
|
| 856 |
4 |
0 |
|u https://publikaciotar.uni-bge.hu/id/eprint/2589/1/PhD_dissertation_Eszter_Kn%C3%BAln%C3%A9_P%C3%A1l.pdf
|z Dokumentum-elérés
|
| 856 |
4 |
0 |
|u https://publikaciotar.uni-bge.hu/id/eprint/2589/2/Thesis_Eszter_Kn%C3%BAln%C3%A9_P%C3%A1l.pdf
|z Dokumentum-elérés
|